01045nam a2200301Ia 450000500170000000800410001702000180005810000250007624500560010125000190015730000600017649000250023652100500026165000510031165000530036265000360041565000360045165000360048770000300052394200150055326400260056833600270059433700330062133800280065404000350068208400110071799900150072820220317001017.0160825s9999 xx 000 0 und d a97895804340121 aDa Coll, Ivard1962-10aMedias dulcescescrito e ilustrado por Ivar Da Coll a1a. edición  a39 páginas bilustraciones en blanco y negro c19 cm  aTorre de papelproja aRecomendado para niños a partir de 7 años142LEMBaCuentos infantiles colombianosySiglo XX142LEMB aLiteratura infantil colombiana ySiglo XX142LEMB aNiños en la literatura142LEMB aAbuelos en la literatura142LEMB aRegalos en la literatura1 aDa Coll, Ivard1962-9387 2loccBKINF aBogotábNormac2009 atextobtxt2rdacontent asin mediaciónbn2rdamedia avolumenbnc2rdacarrier aCO-BoRNBPbspaerdacCO-BoRNBP aC DAC1 c5659d5659